000 01388nam a2200337Ia 4500
005 20210727153435.0
008 170306s2008 ck a g 000 0 spa
020 _a9789583003554
041 _aspa
100 1 _aPombo, Rafael
_d1833-1912
245 1 0 _aCuentos de Pombo
_cRafael Pombo; ilustraciones de Patricia Acosta
250 _a1a. edición
_b10a. reimpresión
300 _a64 páginas
_bilustraciones en color
_c21 cm
490 _aCorcel
505 _aEl renacuajo paseador -- Tía Pasitrote -- Juan Chunguero -- El gato bandido -- La pobre viejecita -- Simón el bobito -- Mirringa mirronga -- Pastorcita
650 1 4 _2LEMB
_aPoemas Infantiles colombianos
_ySiglo XIX
650 1 4 _2LEMB
_aLiteratura Infantil colombiana
_ySiglo XIX
650 1 4 _2LEMB
_aAnimales en la literatura.
650 1 4 _2LEMB
_aNiños en la literatura
650 1 4 _2LEMB
_aAncianos en la literatura
650 1 4 _2LEMB
_aPastores en la literatura
700 1 _aAcosta, Patricia
740 _aEl renacuajo paseador \ Tía Pasitrote \ Juan Chunguero \ El gato bandido \ La pobre viejecita \ Simón el bobito \ Mirringa mirronga \ Pastorcita
942 _2loc
_cBKLIT
264 _aBogotá
_bPanamericana
_c2008
336 _atexto
_btxt
_2rdacontent
337 _asin mediación
_bn
_2rdamedia
338 _avolumen
_bnc
_2rdacarrier
040 _aCO-BoRNBP
_bspa
_erda
_cCO-BoRNBP
084 _aP POM1
999 _c8091
_d8091